Marriage and the family

保存先:
書誌詳細
主要な著者: Lee, Alfred McClung (著者), Lee, Elizabeth Briant (著者)
フォーマット: 図書
言語:英語
出版事項: Nueva York Barnes & Noble 1961
シリーズ:College Outline Series
主題:
タグ: タグ追加
タグなし, このレコードへの初めてのタグを付けませんか!

MARC

LEADER 00000nam a2200000 a 4500
001 UCQ0813
003 CL-VaPUC
008 980703e19610000US |||||||||||||||||eng|d
082 0 4 |a 306.8  |b LEE  |2 21 
100 0 |a Lee, Alfred McClung  |e author  |9 414142 
700 0 |a Lee, Elizabeth Briant  |e author  |9 414143 
245 1 0 |a Marriage and the family 
300 |a 369 p 
942 |c BK 
945 |d 19980703 00:00:00  |a crobeson 
260 |a Nueva York  |b Barnes & Noble  |c 1961 
650 7 |a MATRIMONIO  |2 CL-VaPUC  |9 414144 
650 0 |a Familias   |9 255641 
650 0 |a Vida familiar  |9 308049 
650 7 |a INFLUENCIA FAMILIAR  |2 CL-VaPUC  |9 335148 
650 0 |a Divorcio  |9 256204 
583 |a last modification  |c 20180227 06:25:21  |k Rodrigo Vera 
490 0 |a College Outline Series 
999 |c 271844  |d 271842 
952 |0 0  |1 0  |4 0  |6 306_800000000000000_LEE_1961  |7 0  |8 P  |9 306619  |a BIBENE  |b BIBENE  |d 2019-11-20  |i 1427555  |o 306.8 LEE 1961  |p 1427555  |r 2025-01-15  |w 2019-11-20  |y BK  |k ICO